| 000 | 00376nam a2200109Ia 4500 | ||
|---|---|---|---|
| 008 | 150220s9999 xx 000 0 und d | ||
| 020 | _a0590491180 | ||
| 245 |
_aInformation finders : _binformation comes from many sources / _cScholastic. |
||
| 260 |
_aNew York : _bScholastic Inc., _c1996 |
||
| 300 |
_a160 pages : _bColored, Illustration ; _c28 cm. |
||
| 440 | _aLiteracy Sourcebook. | ||
| 999 |
_c283093 _d283093 |
||